000 01143nam a2200313 4500
001 0000022980
003 CO-CtgCURN
005 20250329191023.0
007 ta
008 160627s2004 000 0 eng d
020 _a9682470013
040 _aCO-CtgCURN
_bspa
_ccoctgcurn
082 0 _a646.724
_bM294
100 1 _aLesur, Luis.
245 1 0 _aManual de ondulado y teñido del cabello /
_cLuis Lesur , Carlos Marin, Olivia Ortega.
260 _aMexico :
_bTrillas,
_c2004.
300 _a80 p.
336 _2rdacontent
337 _2rdamedia
_asin mediacion
_bn
338 _2rdacarrier
_avolumen
_bnc
490 1 _aColección como hacer bien y facilmente
500 _aIncluye indice.
505 8 _aOndulado permanente.--Ondulado no permanente.--Teñido del cabello.--Herramientas.--Ondulado con los dedos.--Peine con mango de dientes delgado.--Lociones fijadoras.--Peine con mango de dientes muy gruesos
650 1 4 _aPelo
_vCuidado e higiene
_xManuales.
700 1 _aOrtega, Olivia.
908 _a160627
942 _cBK
_h646.724
_iM294
_2ddc
999 _c11389
_d11389